| 000 | 00374nam a22001451a 4500 | ||
|---|---|---|---|
| 082 |
_aH3 _bKAM/S |
||
| 100 |
_aKamelshwar _9138326 |
||
| 245 |
_aSamudra mein khoya hua aadami/ _cby Kamelshwar |
||
| 260 |
_aNew Delhi: _bRajpal, _c1993. |
||
| 300 | _a112p. | ||
| 650 |
_aNovel Hindi _9138327 |
||
| 650 |
_aLiterature Hindi _9138328 |
||
| 650 |
_aLiterature _9138329 |
||
| 942 | _cBK | ||
| 999 |
_c40064 _d40064 |
||